Statystyki dla 2024 Formuła 1 Kierowcy

Kliknij tutaj aby rozwiązać quiz!

Ogólne statystyki

  • Ten quiz został rozwiązany 136 razy
  • Średni wynik to 16 z 20

Statystyki odpowiedzi

ZaspołyPaństwoKierowca% Poprawnych
Red BullHolandiaMax Verstappen
95%
MercedesWielka BrytaniaLewis Hamilton
94%
Aston MartinHiszpaniaFernando Alonso
93%
FerrariMonakoCharles Leclerc
92%
McLarenWielka BrytaniaLando Norris
92%
FerrariHiszpaniaCarlos Sainz
90%
AlpineFrancjaPierre Gasly
89%
Aston MartinKanadaLance Stroll
88%
Visa RBJaponiaYuki Tsunoda
86%
AlpineFrancjaEsteban Ocon
85%
Red BullMeksykSergio Perez
84%
MercedesWielka BrytaniaGeorge Russell
83%
McLarenAustraliaOscar Piastri
79%
SauberFinlandiaValtteri Bottas
76%
HaasDaniaKevin Magnussen
75%
HaasNiemcyNico Hulkenberg
73%
Visa RBAustraliaDaniel Ricciardo
69%
WilliamsTajlandiaAlexander Albon
67%
WilliamsStany ZjednoczoneLogan Sargeant
62%
SauberChinyZhou Guanyu
47%

Rozkład punktacji

Percentyl według liczby udzielonych odpowiedzi

Procent ludzi z każdym wynikiem

Twoja historia wyników

Nie rozwiązałeś tego quizu